Effect of bovine serum albumin and follicular fluid on in vitro maturation, fertilization and development of goat embryos / (Record no. 13512)

MARC details
000 -LEADER
fixed length control field 00903nam a22002417a 4500
003 - CONTROL NUMBER IDENTIFIER
control field BD-DhSAU
005 - DATE AND TIME OF LATEST TRANSACTION
control field 20190225135658.0
008 - FIXED-LENGTH DATA ELEMENTS--GENERAL INFORMATION
fixed length control field 160824b2015 bg ||||| |||| 001 0 eng d
040 ## - CATALOGING SOURCE
Original cataloging agency BD-DhSAU
082 ## - DEWEY DECIMAL CLASSIFICATION NUMBER
Edition number 22
Classification number 581.15
Item number As11
100 ## - MAIN ENTRY--PERSONAL NAME
Personal name Asad, Lam Yea
Relator term Registration # 20321
245 ## - TITLE STATEMENT
Title Effect of bovine serum albumin and follicular fluid on in vitro maturation, fertilization and development of goat embryos /
Remainder of title Ph.D
260 ## - PUBLICATION, DISTRIBUTION, ETC. (IMPRINT)
Place of publication, distribution, etc. Bangladesh Agricultural University :
Name of publisher, distributor, etc. Department of Animal Breeding and Genetics ,
Date of publication, distribution, etc. 2015
300 ## - PHYSICAL DESCRIPTION
Extent xvii, 117 p. :
Other physical details ill. ;
Dimensions 30 cm.
500 ## - GENERAL NOTE
General note Ph.D thesis of Bangladesh Agricultural University
650 ## - SUBJECT ADDED ENTRY--TOPICAL TERM
Topical term or geographic name as entry element Animal Breeding and Geneitics
650 ## - SUBJECT ADDED ENTRY--TOPICAL TERM
Topical term or geographic name as entry element Maturation
650 ## - SUBJECT ADDED ENTRY--TOPICAL TERM
Topical term or geographic name as entry element Fertilization
650 ## - SUBJECT ADDED ENTRY--TOPICAL TERM
Topical term or geographic name as entry element Goat
700 ## - ADDED ENTRY--PERSONAL NAME
Personal name Khandoker, M.A.M. Yahia
Relator term Supervisor
700 ## - ADDED ENTRY--PERSONAL NAME
Personal name Hussain, Syed Sakhawat
Relator term Co-Supervisor
942 ## - ADDED ENTRY ELEMENTS (KOHA)
Source of classification or shelving scheme Dewey Decimal Classification
Koha item type PhD Thesis
Holdings
Withdrawn status Lost status Source of classification or shelving scheme Damaged status Not for loan Collection code Home library Branch Name Shelving location Date acquired Total Checkouts Full call number Barcode Date last seen Price effective from Koha item type
    Dewey Decimal Classification   Not For Loan Reference SAU Library SAU Library Reference 14/07/2016   581.15 As11 39643 24/08/2016 24/08/2016 MS Level Thesis